Achieving cost effective responsive maintenance (Record no. 105039)

MARC details
000 -LEADER
fixed length control field 01486cam a2200241 4500
001 - CONTROL NUMBER
control field ##L132150
008 - FIXED-LENGTH DATA ELEMENTS--GENERAL INFORMATION
fixed length control field 060116n2005 000 0 eng u
020 ## - INTERNATIONAL STANDARD BOOK NUMBER
International Standard Book Number 1860818889
035 ## - SYSTEM CONTROL NUMBER
System control number (Sirsi) u132150
041 0# - LANGUAGE CODE
Language code of text/sound track or separate title eng
050 04 - LIBRARY OF CONGRESS CALL NUMBER
Classification number 690.24 $2 18
100 1# - MAIN ENTRY--PERSONAL NAME
Personal name Prior, Josephine J.
245 00 - TITLE STATEMENT
Title Achieving cost effective responsive maintenance
260 ## - PUBLICATION, DISTRIBUTION, ETC.
Place of publication, distribution, etc. Watford
Name of publisher, distributor, etc. BRE
Date of publication, distribution, etc. 2005
300 ## - PHYSICAL DESCRIPTION
Extent 4p.
Other physical details ill
Dimensions 30cm.
490 #0 - SERIES STATEMENT
Series statement BRE Information Paper
Volume/sequential designation IP 14/05
520 ## - SUMMARY, ETC.
Summary, etc. Highlights the key findings of a study led by BRE that explored the use of partnering as a method of helping property owners achieve a simplified administrative process and cost effectiveness. The study brought together a group of project partners who were all property owners (both housing and non-housing) and responsible for maintenance, including day-to-day repairs. All the project partners had developed partnering relationships with their contractors. The paper summarises the benefits of partnering and performance measurement. It also outlines how the partnering approach can be adopted. Full results of this study are published in BR 484, "Repair it with effective partnering: guide to contractual relationships for cost effective responsive maintenance." (ISBN 1860818870).
590 ## - LOCAL NOTE (RLIN)
Local note IKA170106
690 ## - LOCAL SUBJECT ADDED ENTRY--TOPICAL TERM (OCLC, RLIN)
Topical term or geographic name as entry element BUILT ENVIRONMENT-BUILDING MAINTENANCE AND REFURBISHMENT-MAINTENANCE COSTS
700 1# - ADDED ENTRY--PERSONAL NAME
Personal name Nowak, Fran
710 0# - ADDED ENTRY--CORPORATE NAME
Corporate name or jurisdiction name as entry element United Kingdom
Subordinate unit Department of Trade and Industry
942 ## - ADDED ENTRY ELEMENTS (KOHA)
Suppress in OPAC 0
Holdings
Withdrawn status Lost status Source of classification or shelving scheme Damaged status Not for loan Home library Current library Shelving location Date acquired Total Checkouts Full call number Barcode Date last seen Date last checked out Copy number Price effective from Koha item type
    Dewey Decimal Classification     London London BRE publications 16/01/2006 2 ENQUIRY DESK 30071585 06/08/2019 04/07/2007 1 06/08/2019 Book